[Event "ICA Summer Classic (Open)"]
[Site "Boise, ID"]
[Date "2014.07.20"]
[Round "4.8"]
[White "Siek, Justin"]
[Black "Lang, Jamie"]
[Result "0-1"]
[WhiteElo "955"]
[BlackElo "1474"]
[EventRounds "5"]
[EventCountry "USA"]

1. e4 e5 2. Nf3 Nc6 3. Bc4 Nf6 4. Nc3 Bb4 5. a3 Bxc3 6. dxc3 O-O 7. O-O Nxe4
8. Qd5 Nf6 9. Bg5 Nxd5 10. Bxd8 Rxd8 11. Bxd5 d6 12. Rfe1 Ne7 13. Bc4 Bf5 14.
Bd3 Bg4 15. Re3 Nd5 16. Re2 Bxf3 17. gxf3 Nf4 18. Re3 Re8 19. Rae1 h5 20. h4
Kh8 21. c4 Rg8 22. Be4 g5 23. Bxb7 gxh4+ 24. Kh1 Rab8 25. Rb3 h3 26. Rg1 Rg2
27. Rxg2 hxg2+ 28. Kg1 h4 29. a4 Kg7 30. a5 h3 31. Re3 Rh8 32. Kh2 Rb8 33. a6
Kf6 34. Re1 Rh8 35. Be4 Ne6 36. c3 Nc5 37. Bc2 Nxa6 38. b4 c5 39. Rd1 Ke7 40.
b5 Nc7 41. Bf5 Rh4 42. Bxh3 Rxc4 43. Bxg2 Rxc3 44. Rb1 c4 45. Rb4 d5 46. Kg3
Rb3 47. Rxb3 cxb3 48. Bf1 b2 49. Bd3 Nxb5 50. Bb1 Nc3 51. Bc2 b1=Q 52. Bxb1
Nxb1 53. Kg2 a5 54. Kg3 a4 55. Kg2 a3 56. Kg3 a2 57. Kg2 a1=Q 58. Kg3 Nd2 59.
Kg2 Qf1+ 60. Kg3 Qg1+ 61. Kh3 Qxf2 62. Kg4 Qxf3+ 63. Kg5 Ne4+ 64. Kh4 Qg3+ 65.
Kh5 Qg5# 0-1

[Event "ICA Summer Classic (Open)"]
[Site "Boise, ID"]
[Date "2014.07.20"]
[Round "5.1"]
[White "Kircher, Caleb Paul"]
[Black "Gorman, Cody Austin"]
[Result "1/2-1/2"]
[WhiteElo "1892"]
[BlackElo "1905"]
[EventRounds "5"]
[EventCountry "USA"]

1. f4 b6 2. Nf3 Bb7 3. e3 g6 4. d4 Bg7 5. Bd3 Nf6 6. O-O d5 7. c4 dxc4 8. Bxc4
Nbd7 9. Nc3 O-O 10. Qd3 e6 11. e4 Qe7 12. e5 Nd5 13. Bxd5 exd5 14. f5 gxf5 15.
Qxf5 Qe6 16. Qh5 f6 17. exf6 Nxf6 18. Qh4 Qg4 19. Bf4 Qxh4 20. Nxh4 Ne4 21.
Be3 Nd6 22. Rxf8+ Rxf8 23. Rd1 Nc4 24. Bc1 Nd6 25. Nf3 c6 26. b3 Re8 27. Bf4
Ne4 28. Nxe4 dxe4 29. Re1 exf3 30. Rxe8+ Kf7 31. Re1 Bxd4+ 32. Be3 Bf6 33.
gxf3 c5 34. Kg2 Bd5 35. Rc1 Ke6 36. Bf4 Kd7 37. Bb8 a5 38. Kg3 a4 39. Ba7 Kc6
40. Bb8 axb3 41. axb3 Bxb3 42. Kf4 Bg7 43. Kf5 c4 44. Be5 Bf8 45. Ke4 Ba3 46.
Ra1 Bb4 47. Bb2 Kb5 48. Rc1 Bd2 49. Kd4 Bxc1 50. Bxc1 Ka4 51. Kc3 b5 52. Bb2
b4+ 53. Kd4 Kb5 54. f4 Bc2 55. Ba1 c3 56. Bxc3 bxc3 57. Kxc3 Bg6 58. Kd4 Kc6
59. Ke5 Kd7 60. Kf6 Ke8 61. f5 Bf7 62. Kg7 h5 63. f6 Be6 64. h4 Bf7 65. Kh6
Kf8 66. Kh7 Be6 67. Kg6 Bf7+ 68. Kh7 Be8 69. Kh6 Kg8 70. Kg5 Kh7 71. Kf5 Bf7
72. Kg5 Be8 73. Kf5 Kh6 74. Ke6 Kg6 75. Ke7 Bf7 76. Kf8 Kxf6 {#d} 1/2-1/2

[Event "ICA Summer Classic (Open)"]
[Site "Boise, ID"]
[Date "2014.07.20"]
[Round "5.3"]
[White "Zlatnik, Sean"]
[Black "Sanderson, Kenneth"]
[Result "0-1"]
[WhiteElo "1705"]
[BlackElo "1580"]
[EventRounds "5"]
[EventCountry "USA"]

1. c4 Nf6 2. Nc3 e6 3. e4 Nc6 4. d4 Bb4 5. f3 e5 6. d5 Nd4 7. a3 Bxc3+ 8. bxc3
Nxf3+ 9. Qxf3 d6 10. Bg5 h6 11. Bxf6 gxf6 12. Bd3 c5 13. Ne2 Rg8 14. O-O Rg6
15. h3 Bd7 16. Ng3 Qa5 17. Be2 O-O-O 18. Nh5 Rdg8 19. Rf2 Qd8 20. Nxf6 Rg3 21.
Qh5 R8g5 22. Qxf7 Rg7 23. Qh5 Rxh3 24. Nxd7 Rxh5 25. Rf8 Rhg5 26. Rxd8+ Kxd8
27. Nf8 Rxg2+ 28. Kh1 Ke7 29. Ne6 R7g3 30. Re1 Rf2 31. Bd1 Ra2 32. Be2 Re3
{#R} 0-1

[Event "ICA Summer Classic (Open)"]
[Site "Boise, ID"]
[Date "2014.07.20"]
[Round "5.4"]
[White "Olson, Christopher Ronald"]
[Black "Inman, James"]
[Result "0-1"]
[WhiteElo "895"]
[BlackElo "1774"]
[EventRounds "5"]
[EventCountry "USA"]

1. e4 c6 2. Nf3 d5 3. exd5 cxd5 4. d4 Nf6 5. Bd3 Bg4 6. h3 Bh5 7. Bg5 Ne4 8.
g4 Nxg5 9. Nxg5 Bg6 10. Bxg6 hxg6 11. Nc3 e6 12. Qd2 Be7 13. f4 Bxg5 14. fxg5
Nc6 15. O-O-O Qe7 16. Rde1 O-O-O 17. h4 Qb4 18. Ne2 Qxd2+ 19. Kxd2 e5 20. dxe5
Nxe5 21. Nd4 Nxg4 22. Re7 Rd7 23. Rxd7 Kxd7 24. Nf3 f5 25. Re1 b5 26. Kc3 Rc8+
27. Kb3 Kd6 28. Nd4 Kd7 29. Re6 Rc4 30. c3 Rxd4 31. Rxg6 Re4 32. Ra6 Re7 33.
Rxa7+ Kd6 34. Ra6+ Ke5 35. h5 f4 36. h6 gxh6 37. gxh6 f3 38. Rg6 f2 39. Rg7
Rxg7 40. hxg7 Nf6 {#R} 0-1

[Event "ICA Summer Classic (Reserve)"]
[Site "Boise, ID"]
[Date "2014.07.19"]
[Round "2.2"]
[White "Faulkner, Joetta"]
[Black "Faulkner, Graeme K"]
[Result "0-1"]
[WhiteElo "855"]
[BlackElo "1171"]
[EventRounds "5"]
[EventCountry "USA"]

1. e4 e5 2. Nf3 Nc6 3. Bc4 Nf6 4. d3 h6 5. a3 Bc5 6. h3 d6 7. Be3 a6 8. Nc3
Ba7 9. g3 O-O 10. Nh4 Ne7 11. Qf3 Bxe3 12. Qxe3 d5 13. exd5 Nexd5 14. Qxe5 Re8
15. f4 Rxe5+ 16. fxe5 Nxc3 17. bxc3 Nh5 18. Rg1 Bxh3 19. O-O-O b5 20. Bb3 Qe7
21. Kb2 Qxe5 22. Rde1 Qd6 23. g4 Nf6 24. g5 hxg5 25. Rxg5 Be6 26. Reg1 g6 27.
Nf5 Bxf5 28. Rxf5 Kg7 29. d4 c6 30. Rc5 a5 31. a4 b4 32. Re5 bxc3+ 33. Kxc3
Qb4+ 34. Kd3 Rd8 35. Bc4 c5 36. Rxc5 Qxc5 37. c3 Qf5+ 38. Ke2 Re8+ 39. Kd2
Qf2+ 40. Kc1 Qxg1+ 41. Kb2 Rb8+ 42. Ka3 Qa1+ {#R} 0-1

[Event "ICA Summer Classic (Reserve)"]
[Site "Boise, ID"]
[Date "2014.07.20"]
[Round "5.3"]
[White "Faulkner, Joetta"]
[Black "White, Matthew William"]
[Result "1-0"]
[WhiteElo "855"]
[BlackElo "1248"]
[EventRounds "5"]
[EventCountry "USA"]

1. e4 e5 2. Nf3 Nc6 3. Nc3 Bc5 4. b3 Nf6 5. h3 d5 6. Qe2 d4 7. Qb5 dxc3 8.
Qxc5 Nxe4 9. Qe3 cxd2+ 10. Bxd2 Nxd2 11. Nxd2 O-O 12. Bd3 Re8 13. O-O-O Qd6
14. Nc4 Qh6 15. Be4 Qxe3+ 16. fxe3 g6 17. g4 Nb4 18. Kb2 f5 19. gxf5 Bxf5 20.
Bxf5 gxf5 21. Rhg1+ Kf7 22. Rdf1 Kf6 23. e4 Rg8 24. Rxf5+ Ke6 25. Rxe5+ Kd7
26. Rd1+ Kc6 27. Re6+ Kb5 28. a4+ Kc5 29. Re5+ Kc6 30. Na5+ Kb6 31. Rd4 c5 32.
Nc4+ Ka6 33. Rxc5 Rgd8 34. Ra5# 1-0

[Event "2020 Summer Classic"]
[Site "Chess.com"]
[Date "2020.08.15"]
[Round "1"]
[White "bigdonkeyhead"]
[Black "daniel8pop"]
[Result "1-0"]
[WhiteElo "1480"]
[BlackElo "1029"]

1. e4 } 1... e5 } 2. Nf3 } 2... Nc6 } 3. d4 } 3... exd4 } 4. Bc4 } 4... Bc5 }
5. c3 } 5... dxc3 } 6. Bxf7+ } 6... Kxf7 } 7. Qd5+ } 7... Ke8 } 8. Qh5+ } 8...
Kf8 } 9. Qxc5+ } 9... Qe7 } 10. Qxc3 } 10... Qxe4+ } 11. Be3 } 11... Nf6 } 12.
Nbd2 } 12... Qb4 } 13. Bc5+ } 13... Qxc5 } 14. Qxc5+ } 14... d6 } 15. Qc3 }
15... Bg4 } 16. O-O } 16... Re8 } 17. Rfe1 } 17... Kf7 } 18. Rxe8 } 18... Rxe8
} 19. h3 } 19... Bxf3 } 20. Nxf3 } 20... Ne4 } 21. Qc4+ } 21... Re6 } 22. Re1
} 22... Nc5 } 23. Ng5+ } {#r} 1-0

[Event "2020 Summer Classic"]
[Site "Chess.com"]
[Date "2020.08.15"]
[Round "1"]
[White "AshtonHG"]
[Black "troitzky104"]
[Result "0-1"]
[WhiteElo "1133"]
[BlackElo "1575"]

1. e4 } 1... e5 } 2. Nf3 } 2... Nc6 } 3. Bb5 } 3... a6 } 4. Bxc6 } 4... dxc6 }
5. Nxe5 } 5... Qd4 } 6. Qh5 } 6... g6 } 7. Nf3 } 7... Qxe4+ } 8. Kf1 } 8...
gxh5 } 9. d3 } 9... Qe7 } 10. Bg5 } 10... f6 } 11. Bh4 } 11... Bg4 } 12. Nbd2
} 12... O-O-O } 13. Re1 } 13... Qd7 } 14. h3 } 14... Bxf3 } 15. Nxf3 } 15...
Bg7 } 16. c4 } 16... Nh6 } 17. Re4 } 17... Qxd3+ } 18. Re2 } 18... Rhe8 } 19.
Kg1 } 19... Qxe2 } 20. Kh2 } 20... Nf5 } 21. Re1 } 21... Qxb2 } 22. Rxe8 }
22... Rxe8 } 23. g3 } 23... Qxf2+ } 24. Kh1 } 24... Qxf3+ } 25. Kg1 } 25...
Re1+ } 26. Kh2 } 26... Qf2# } 0-1

[Event "2020 Summer Classic"]
[Site "Chess.com"]
[Date "2020.08.15"]
[Round "1"]
[White "caracleliem"]
[Black "Ok_At_Chess"]
[Result "0-1"]
[WhiteElo "1231"]
[BlackElo "1627"]

1. e4 } 1... c5 } 2. Nf3 } 2... d6 } 3. d4 } 3... cxd4 } 4. Nxd4 } 4... Nf6 }
5. Nc3 } 5... a6 } 6. Bc4 } 6... e6 } 7. O-O } 7... Be7 } 8. Bg5 } 8... Nc6 }
9. Nxc6 } 9... bxc6 } 10. Bb3 } 10... Rb8 } 11. Ba4 } 11... Bb7 } 12. Qf3 }
12... Qa5 } 13. e5 } 13... Qxe5 } 14. Bxf6 } 14... Bxf6 } 15. Bxc6+ } 15...
Bxc6 } 16. Qxc6+ } 16... Kd8 } 17. Qxa6 } 17... Be7 } 18. Rfe1 } 18... Qc5 }
19. Rf1 } 19... Kd7 } 20. Qa4+ } 20... Qc6 } 21. Qa7+ } 21... Rb7 } 22. Qe3 }
22... Rxb2 } 23. Qa7+ } 23... Rb7 } 24. Qa4 } 24... Qxa4 } 25. Nxa4 } 25...
Ra8 } 26. Nc3 } 26... Bf6 } 27. Ne4 } 27... Bxa1 } 28. Rxa1 } 28... Rab8 } 29.
Rf1 } 29... f5 } 30. Nc3 } 30... Rc8 } {#R} 0-1

[Event "2020 Summer Classic"]
[Site "Chess.com"]
[Date "2020.08.15"]
[Round "1"]
[White "iballisticsquid123"]
[Black "chesslifeforme"]
[Result "1-0"]
[WhiteElo "1818"]
[BlackElo "1272"]

1. e4 } 1... d5 } 2. exd5 } 2... Qxd5 } 3. Nc3 } 3... Qe6+ } 4. Qe2 } 4...
Qxe2+ } 5. Bxe2 } 5... Nc6 } 6. Nf3 } 6... e5 } 7. Bb5 } 7... Bd7 } 8. O-O }
8... Bd6 } 9. Re1 } 9... O-O-O } 10. Ne4 } 10... f6 } 11. Nxd6+ } 11... cxd6 }
12. c3 } 12... Nge7 } 13. d4 } 13... Nf5 } 14. g4 } 14... Nfe7 } 15. g5 }
15... h6 } 16. h4 } 16... Bg4 } 17. Kg2 } 17... hxg5 } 18. hxg5 } 18... Rh3 }
19. Be2 } 19... Nd5 } 20. Ng1 } 20... Rh4 } 21. Kg3 } 21... Rdh8 } 22. Bxg4+ }
22... Kb8 } 23. Nf3 } 23... R4h7 } 24. g6 } 24... Rh1 } 25. Bd2 } 25... Rxe1 }
26. Rxe1 } 26... Nce7 } 27. dxe5 } 27... fxe5 } 28. Ng5 } 28... Nxg6 } 29. Nf7
} 29... Rf8 } 30. Nxd6 } 30... Rf6 } 31. Ne4 } 31... Rf8 } 32. Nc5 } 32... Nb6
} 33. a4 } 33... Rd8 } 34. Bg5 } 34... Rd5 } 35. b4 } 35... Nc4 } 36. Be6 }
36... Rd6 } 37. Bxc4 } 37... b6 } 38. Ne4 } 38... Rc6 } 39. Bd5 } 39... Rc7 }
40. c4 } 40... Rd7 } 41. Re3 } 41... Kc7 } 42. Rf3 } 42... a5 } 43. bxa5 }
43... bxa5 } 44. Nc5 } 44... Rd6 } 45. Rf7+ } 45... Kc8 } 46. Be6+ } 46... Kb8
} 47. Rb7+ } 47... Ka8 } 48. Bd5 } 48... Nf8 } 49. Rd7+ } 49... Kb8 } 50. Rxd6
} 50... Kc7 } 51. Rc6+ } 51... Kb8 } 52. Rb6+ } 52... Kc8 } 53. Be7 } 53...
Ng6 } 54. Bd6 } 54... Kd8 } 55. Rb8# } 1-0

[Event "2020 Summer Classic"]
[Site "Chess.com"]
[Date "2020.08.15"]
[Round "1"]
[White "armour9291"]
[Black "PeterOlsoy"]
[Result "0-1"]
[WhiteElo "1299"]
[BlackElo "1913"]

1. e4 } 1... c5 } 2. c3 } 2... d5 } 3. e5 } 3... Nc6 } 4. d4 } 4... Bf5 } 5.
Nf3 } 5... e6 } 6. Bb5 } 6... Ne7 } 7. O-O } 7... a6 } 8. Ba4 } 8... Nc8 } 9.
Bg5 } 9... Be7 } 10. Bxe7 } 10... Qxe7 } 11. Nbd2 } 11... Nb6 } 12. Bc2 }
12... Bg6 } 13. Bxg6 } 13... hxg6 } 14. Qb3 } 14... Qc7 } 15. dxc5 } 15... Nd7
} 16. Rfe1 } 16... Ncxe5 } 17. Nxe5 } 17... Nxe5 } 18. Qb6 } 18... Qxb6 } 19.
cxb6 } 19... Nd7 } 20. h3 } 20... Nxb6 } 21. Nf3 } 21... Nc4 } 22. b3 } 22...
Nd6 } 23. Rad1 } 23... b5 } 24. Nd4 } 24... O-O } 25. Nf3 } 25... Rac8 } 26.
Rc1 } 26... Rc7 } 27. Re3 } 27... Rfc8 } 28. b4 } 28... Ne4 } 29. a3 } 29...
Rxc3 } 30. Rcxc3 } 30... Rxc3 } 31. Rxc3 } 31... Nxc3 } 32. Kf1 } 32... Nb1 }
33. Ke2 } 33... Nxa3 } 34. Kd2 } 34... f6 } 35. Nh4 } 35... Kf7 } 36. Nf3 }
36... e5 } 37. Ne1 } 37... Ke6 } 38. f3 } 38... g5 } 39. g4 } 39... g6 } 40.
Nd3 } 40... Nc4+ } 41. Kc2 } 41... a5 } 42. bxa5 } 42... Nxa5 } 43. Nc5+ }
43... Kd6 } 44. Nd3 } 44... Nc6 } 45. Kb3 } 45... e4 } 46. fxe4 } 46... dxe4 }
47. Nf2 } 47... f5 } 48. gxf5 } 48... gxf5 } {#R} 0-1

[Event "2020 Summer Classic"]
[Site "Chess.com"]
[Date "2020.08.15"]
[Round "1"]
[White "HandsomeTroll"]
[Black "TofuNightmare"]
[Result "1-0"]
[WhiteElo "1561"]
[BlackElo "1150"]

1. d4 } 1... Nf6 } 2. Bf4 } 2... e6 } 3. e3 } 3... Bb4+ } 4. c3 } 4... Be7 }
5. Nf3 } 5... b6 } 6. Nbd2 } 6... Bb7 } 7. Bd3 } 7... c5 } 8. O-O } 8... O-O }
9. Ne5 } 9... Nc6 } 10. Ng4 } 10... d6 } 11. Qf3 } 11... Qd7 } 12. Qh3 } 12...
g6 } 13. Nf3 } 13... Nxg4 } 14. Qxg4 } 14... f5 } 15. Qg3 } 15... Qd8 } 16. h4
} 16... Rf7 } 17. h5 } 17... Rg7 } 18. Bh6 } 18... Rf7 } 19. hxg6 } 19... Bf8
} 20. gxf7+ } 20... Kxf7 } 21. Ng5+ } 21... Ke7 } 22. Bxf8+ } 22... Qxf8 } 23.
Nxh7 } 23... Qf7 } 24. Qg5+ } 24... Kd7 } 25. Nf6+ } 25... Kc7 } 26. Bxf5 }
26... exf5 } 27. Qxf5 } 27... Qg7 } 28. Qh7 } 28... Qxh7 } 29. Nxh7 } 29...
Rg8 } 30. Nf6 } 30... Rg6 } 31. Ne4 } 31... Ne7 } 32. Ng3 } 32... Nd5 } 33.
Ne2 } 33... Bc8 } 34. Kh2 } 34... Nf6 } 35. Nf4 } 35... Rh6+ } 36. Kg1 } 36...
Ng4 } 37. Nd5+ } 37... Kb8 } 38. f3 } 38... Nf6 } 39. Nxf6 } 39... Rxf6 } 40.
Kf2 } 40... Bg4 } 41. Ke2 } 41... Bh5 } 42. g4 } 42... Bg6 } 43. f4 } 43...
Kc7 } 44. f5 } 44... Be8 } 45. e4 } 45... Rh6 } 46. e5 } 46... Rh2+ } 47. Rf2
} 47... Bb5+ } 48. Ke3 } 48... cxd4+ } 49. cxd4 } 49... Rh3+ } 50. Rf3 } 50...
Rh4 } 51. Rc1+ } 51... Bc6 } 52. d5 } {#r} 1-0

[Event "2020 Summer Classic"]
[Site "Chess.com"]
[Date "2020.08.15"]
[Round "1"]
[White "little_pikachu_soya"]
[Black "WaSabi5829"]
[Result "1/2-1/2"]
[WhiteElo "1581"]
[BlackElo "1262"]

1. d4 } 1... f5 } 2. c4 } 2... g6 } 3. Nc3 } 3... Bg7 } 4. Bg5 } 4... Nf6 } 5.
e3 } 5... O-O } 6. Bd3 } 6... d6 } 7. f4 } 7... Qe8 } 8. Nf3 } 8... c6 } 9.
O-O } 9... Nbd7 } 10. Qd2 } 10... d5 } 11. cxd5 } 11... cxd5 } 12. Rac1 }
12... Ne4 } 13. Qe2 } 13... Ndf6 } 14. Bh4 } 14... Be6 } 15. Ne5 } 15... Nd7 }
16. Nxd7 } 16... Qxd7 } 17. Nxe4 } 17... fxe4 } 18. Bb5 } 18... Qd6 } 19. Rc3
} 19... a6 } 20. Ba4 } 20... b5 } 21. Bb3 } 21... Rac8 } 22. Rfc1 } 22... Rxc3
} 23. Rxc3 } 23... Rc8 } 24. Qc2 } 24... Rxc3 } 25. Qxc3 } 25... Kf7 } 26. Bg3
} 26... Qd7 } 27. Kf2 } 27... h6 } 28. Qc5 } 28... Bf6 } 29. Qc2 } 29... g5 }
30. Qc3 } 30... Bf5 } 31. Bd1 } 31... Qc8 } 32. Bh5+ } 32... Kg7 } 33. Qxc8 }
33... Bxc8 } 34. h3 } 34... Bd7 } 35. Ke2 } 35... e6 } 36. Kd2 } 36... a5 }
37. Kc2 } 37... Kf8 } 38. a3 } 38... Ke7 } 39. b4 } 39... a4 } 40. Bg4 } 40...
Kf7 } 41. Bh5+ } 41... Kg7 } 42. Bh2 } 42... Kg8 } 43. g3 } 43... Kg7 } 44.
Kd2 } 44... Kf8 } 45. Ke2 } 45... Be8 } 46. Bxe8 } 46... Kxe8 } 47. g4 } 47...
Kf7 } 48. Bg3 } 48... Kg6 } 49. fxg5 } 49... hxg5 } 50. Bd6 } 50... Bd8 } 51.
Kf2 } 51... Bf6 } 52. Kg3 } 52... Bd8 } {#d} 1/2-1/2

[Event "2020 Summer Classic"]
[Site "Chess.com"]
[Date "2020.08.15"]
[Round "1"]
[White "smachakos"]
[Black "Jeffrey944"]
[Result "1-0"]
[WhiteElo "1915"]
[BlackElo "1451"]

1. e4 } 1... e5 } 2. Nf3 } 2... Nc6 } 3. d4 } 3... exd4 } 4. Bc4 } 4... Nf6 }
5. e5 } 5... d5 } 6. Bb5 } 6... Ne4 } 7. Nxd4 } 7... Bd7 } 8. Bxc6 } 8... bxc6
} 9. O-O } 9... Be7 } 10. f3 } 10... Nc5 } 11. Be3 } 11... O-O } 12. Nd2 }
12... Rb8 } 13. N2b3 } 13... Na4 } 14. Ne2 } 14... Nxb2 } 15. Qd4 } 15... Nc4
} 16. Qxa7 } 16... Nxe5 } 17. Nc5 } 17... Ra8 } 18. Qb7 } 18... Nc4 } 19. Bd4
} 19... Rb8 } 20. Qxb8 } 20... Bxc5 } 21. Qxd8 } 21... Bxd4+ } 22. Nxd4 }
22... Rxd8 } 23. Rfb1 } 23... Ra8 } 24. Rb7 } 24... c5 } 25. Rxc7 } 25... cxd4
} 26. Rxd7 } 26... Ne3 } 27. Rc7 } 27... h6 } 28. a4 } 28... Ra5 } 29. Kf2 }
29... Nc4 } 30. Rb7 } 30... Ne5 } 31. Rb5 } 31... Nc4 } 32. Rxa5 } 32... Nxa5
} 33. Rb1 } 33... Kf8 } 34. Rb5 } {#r} 1-0

[Event "2020 Summer Classic"]
[Site "Chess.com"]
[Date "2020.08.15"]
[Round "2"]
[White "TofuNightmare"]
[Black "daniel8pop"]
[Result "0-1"]
[WhiteElo "1049"]
[BlackElo "1045"]

1. d4 } 1... d5 } 2. c4 } 2... Nf6 } 3. Nc3 } 3... Nc6 } 4. cxd5 } 4... Nxd5 }
5. e3 } 5... Nxc3 } 6. bxc3 } 6... e5 } 7. d5 } 7... Ne7 } 8. e4 } 8... Ng6 }
9. Nf3 } 9... c6 } 10. c4 } 10... Bb4+ } 11. Bd2 } 11... Bxd2+ } 12. Qxd2 }
12... Bg4 } 13. Be2 } 13... Nf4 } 14. g3 } 14... Nxe2 } 15. Qxe2 } 15... Qf6 }
16. Qb2 } 16... Qxf3 } 17. O-O } 17... Bh3 } 18. Qxb7 } 18... Qg2# } 0-1

[Event "2020 Summer Classic"]
[Site "Chess.com"]
[Date "2020.08.15"]
[Round "2"]
[White "WaSabi5829"]
[Black "armour9291"]
[Result "1-0"]
[WhiteElo "1308"]
[BlackElo "1285"]

1. c4 } 1... e6 } 2. Nc3 } 2... d5 } 3. cxd5 } 3... exd5 } 4. d3 } 4... Bb4 }
5. a3 } 5... Bxc3+ } 6. bxc3 } 6... Nf6 } 7. g3 } 7... O-O } 8. Bg2 } 8... b6
} 9. Nf3 } 9... Bb7 } 10. O-O } 10... c5 } 11. Bb2 } 11... Nc6 } 12. Rc1 }
12... Re8 } 13. Qc2 } 13... Qe7 } 14. Rfe1 } 14... Qd7 } 15. c4 } 15... d4 }
16. e3 } 16... Ne5 } 17. Nxe5 } 17... Rxe5 } 18. exd4 } 18... Rxe1+ } 19. Rxe1
} 19... Bxg2 } 20. Kxg2 } 20... cxd4 } 21. f3 } 21... h5 } 22. Qf2 } 22... Rd8
} 23. Re2 } 23... a6 } 24. Qe1 } 24... b5 } 25. cxb5 } 25... axb5 } 26. Bc1 }
26... Qf5 } 27. Qf1 } 27... Qxd3 } 28. Re8+ } 28... Rxe8 } 29. Qxd3 } 29...
Rd8 } 30. Qxb5 } 30... d3 } 31. Qb2 } 31... g6 } 32. Qxf6 } 32... d2 } 33.
Qxd8+ } {#r} 1-0

[Event "2020 Summer Classic"]
[Site "Chess.com"]
[Date "2020.08.15"]
[Round "2"]
[White "chesslifeforme"]
[Black "AshtonHG"]
[Result "0-1"]
[WhiteElo "1183"]
[BlackElo "1328"]

1. d4 } 1... d5 } 2. Nf3 } 2... Bg4 } 3. Ne5 } 3... Nf6 } 4. Bg5 } 4... Bd7 }
5. Bxf6 } 5... exf6 } 6. Nf3 } 6... Bd6 } 7. e3 } 7... O-O } 8. Bd3 } 8... g6
} 9. O-O } 9... Bg4 } 10. Nbd2 } 10... Bxf3 } 11. Qxf3 } 11... c6 } 12. c4 }
12... Qa5 } 13. Nb3 } 13... Qc7 } 14. Qxf6 } 14... Bxh2+ } 15. Kh1 } 15...
dxc4 } 16. Bxc4 } 16... Nd7 } 17. Qg5 } 17... Nb6 } 18. Bd3 } 18... Na4 } 19.
Nc5 } 19... Nxb2 } 20. Bc2 } 20... Bd6 } 21. Ne4 } 21... Be7 } 22. Nf6+ }
22... Bxf6 } 23. Qxf6 } 23... Nc4 } 24. Bb3 } 24... Nd2 } 25. Rfd1 } 25...
Nxb3 } 26. axb3 } 26... Qb6 } 27. Rd3 } 27... Qb5 } 28. Rc3 } 28... Qe2 } 29.
f3 } 29... Qb2 } 30. Rac1 } 30... Rfe8 } 31. e4 } 31... Qd2 } 32. b4 } 32...
Qh6+ } 33. Kg1 } 33... Qd2 } 34. e5 } 34... Qxd4+ } 35. Kf1 } 35... Rxe5 } 36.
Rc4 } 36... Qd3+ } 37. Kf2 } 37... Qe2+ } 38. Kg3 } 38... Rae8 } 39. Rf4 }
39... Rf5 } 40. Rxf5 } 40... gxf5 } 41. Qg5+ } 41... Kf8 } 42. Qxf5 } 42...
Re5 } 43. Qc8+ } 43... Kg7 } 44. Qxb7 } 44... Rg5+ } 45. Kf4 } 45... Qe5# }
0-1

[Event "2020 Summer Classic"]
[Site "Chess.com"]
[Date "2020.08.15"]
[Round "2"]
[White "Jeffrey944"]
[Black "little_pikachu_soya"]
[Result "1-0"]
[WhiteElo "1509"]
[BlackElo "1570"]

1. d4 } 1... d5 } 2. c4 } 2... c6 } 3. Nf3 } 3... Nf6 } 4. e3 } 4... Nbd7 } 5.
Nc3 } 5... e6 } 6. Be2 } 6... Be7 } 7. Bd2 } 7... dxc4 } 8. Bxc4 } 8... b5 }
9. Bd3 } 9... Bb7 } 10. Rc1 } 10... Rc8 } 11. O-O } 11... O-O } 12. a3 } 12...
a6 } 13. Qe2 } 13... Qb6 } 14. e4 } 14... c5 } 15. dxc5 } 15... Nxc5 } 16. Be3
} 16... Qd8 } 17. Rfd1 } 17... Qe8 } 18. Bc2 } 18... Ncxe4 } 19. Nxe4 } 19...
Nxe4 } 20. Bd4 } 20... Nf6 } 21. h3 } 21... Rc6 } 22. Ne5 } 22... Rc8 } 23.
Ng4 } 23... Qc6 } 24. Bxh7+ } 24... Nxh7 } 25. Rxc6 } 25... Rxc6 } 26. Ne5 }
26... Rc7 } 27. Bb6 } 27... Rcc8 } 28. Rd7 } 28... Rc1+ } 29. Kh2 } 29... Bf6
} 30. Rxb7 } 30... Ng5 } 31. Nd7 } 31... Rd8 } 32. Nxf6+ } 32... gxf6 } 33.
Bxd8 } 33... Rc8 } 34. Bxf6 } 34... Nh7 } 35. Qg4+ } 35... Kf8 } 36. Be7+ }
36... Ke8 } 37. Qg8+ } 37... Nf8 } 38. Qxf8# } 1-0

[Event "2020 Summer Classic"]
[Site "Chess.com"]
[Date "2020.08.15"]
[Round "2"]
[White "PeterOlsoy"]
[Black "HandsomeTroll"]
[Result "1-0"]
[WhiteElo "1933"]
[BlackElo "1543"]

1. e4 } 1... c6 } 2. d4 } 2... d5 } 3. e5 } 3... Bf5 } 4. h4 } 4... h5 } 5.
Bd3 } 5... Bxd3 } 6. Qxd3 } 6... e6 } 7. Bg5 } 7... Be7 } 8. Nf3 } 8... Nd7 }
9. Nbd2 } 9... c5 } 10. c3 } 10... Qb6 } 11. O-O } 11... O-O-O } 12. a4 }
12... c4 } 13. Qc2 } 13... f6 } 14. a5 } 14... Qc7 } 15. Bf4 } 15... Qc6 } 16.
b3 } 16... fxe5 } 17. Nxe5 } 17... Nxe5 } 18. Bxe5 } 18... cxb3 } 19. Qxb3 }
19... Bf6 } 20. Nf3 } 20... Ne7 } 21. Rfc1 } 21... Kd7 } 22. c4 } 22... Ke8 }
23. Qd3 } 23... Kf7 } 24. cxd5 } 24... Qxd5 } 25. Ng5+ } 25... Bxg5 } 26. hxg5
} 26... Nc6 } 27. g6+ } 27... Kf8 } 28. Qa3+ } 28... Kg8 } 29. Rxc6 } 29...
bxc6 } 30. Qe7 } 30... Qd7 } 31. Qg5 } 31... Re8 } 32. Rc1 } 32... Qe7 } 33.
Qxe7 } 33... Rxe7 } 34. Rxc6 } 34... Kf8 } 35. Rc8+ } 35... Re8 } 36. Bd6+ }
{#r} 1-0